000 00610nam a2200193 i 4500
001 84426
003 ES-MaACL
005 20230906175020.0
007 t|
008 041122s1965 sp ||||1| spa d
100 1 _aJander, Gerhart.
_965995
245 1 0 _aQuímica inorgánica y general /
_cGerhart Jander, Hans Spandau ; traducción y prólogo por J.B. Vericad.
250 _a[1ª ed.].
260 _aBarcelona :
_bGrijalbo,
_c1965.
300 _aXXVIII, 734 p. :
_bil. ;
_c24 cm.
700 1 _aSpandau, Hans.
_9107634
700 1 _aVericad, Juan Bautista.
_9114130
852 _aES-MaACL
_jC-26268
_bR.55339
999 _c84426
_d84426